<?xml version="1.0" encoding="UTF-8"?>
<record
    xmlns:xsi="http://www.w3.org/2001/XMLSchema-instance"
    xsi:schemaLocation="http://www.loc.gov/MARC21/slim http://www.loc.gov/standards/marcxml/schema/MARC21slim.xsd"
    xmlns="http://www.loc.gov/MARC21/slim">

  <leader>01648cam a2200337 a 4500</leader>
  <controlfield tag="001">16706994</controlfield>
  <controlfield tag="003">OSt</controlfield>
  <controlfield tag="005">20180116192431.0</controlfield>
  <controlfield tag="008">110325s2012    waua     b   s001 0 eng  </controlfield>
  <datafield tag="010" ind1=" " ind2=" ">
    <subfield code="a">  2011013343</subfield>
  </datafield>
  <datafield tag="020" ind1=" " ind2=" ">
    <subfield code="a">9780295991559 (cloth : alk. paper)</subfield>
  </datafield>
  <datafield tag="040" ind1=" " ind2=" ">
    <subfield code="a">DLC</subfield>
    <subfield code="c">DLC</subfield>
    <subfield code="d">DLC</subfield>
  </datafield>
  <datafield tag="042" ind1=" " ind2=" ">
    <subfield code="a">pcc</subfield>
  </datafield>
  <datafield tag="043" ind1=" " ind2=" ">
    <subfield code="a">n-us-wa</subfield>
  </datafield>
  <datafield tag="050" ind1="0" ind2="0">
    <subfield code="a">TT194</subfield>
    <subfield code="b">.O25 2012</subfield>
  </datafield>
  <datafield tag="082" ind1="0" ind2="0">
    <subfield code="a">684.107</subfield>
    <subfield code="2">22</subfield>
  </datafield>
  <datafield tag="100" ind1="1" ind2=" ">
    <subfield code="a">Ochsner, Jeffrey Karl.</subfield>
    <subfield code="9">8182</subfield>
  </datafield>
  <datafield tag="245" ind1="1" ind2="0">
    <subfield code="a">Furniture studio :</subfield>
    <subfield code="b">materials, craft, and architecture /</subfield>
    <subfield code="c">Jeffrey Karl Ochsner.</subfield>
  </datafield>
  <datafield tag="250" ind1=" " ind2=" ">
    <subfield code="a">1st ed.</subfield>
  </datafield>
  <datafield tag="260" ind1=" " ind2=" ">
    <subfield code="a">Seattle [Wash.] ;</subfield>
    <subfield code="a">London :</subfield>
    <subfield code="b">University of Washington Press,</subfield>
    <subfield code="c">2012.</subfield>
  </datafield>
  <datafield tag="300" ind1=" " ind2=" ">
    <subfield code="a">xv, 278 p. :</subfield>
    <subfield code="b">col. ill. ;</subfield>
    <subfield code="c">25 cm.</subfield>
  </datafield>
  <datafield tag="504" ind1=" " ind2=" ">
    <subfield code="a">Includes bibliographical references (p. 239-265) and index.</subfield>
  </datafield>
  <datafield tag="505" ind1="0" ind2=" ">
    <subfield code="a">Introduction: the reality of making -- Origins: building a program -- One quarter: winter 2009 -- Interpreting a pedagogy: furniture and architecture -- Examples of excellence: selected projects, 1989-2009 -- Beyond the university: continuing influence -- The future: furniture studio after 2009 -- Appendix A. Furniture Fest, 2009 -- Appendix B. Award-winning projects, 1990-2010.</subfield>
  </datafield>
  <datafield tag="600" ind1="1" ind2="0">
    <subfield code="a">Vanags, Andris,</subfield>
    <subfield code="d">1942-</subfield>
    <subfield code="9">8183</subfield>
  </datafield>
  <datafield tag="610" ind1="2" ind2="0">
    <subfield code="a">University of Washington.</subfield>
    <subfield code="b">Department of Architecture.</subfield>
    <subfield code="9">8184</subfield>
  </datafield>
  <datafield tag="650" ind1=" " ind2="0">
    <subfield code="a">Furniture making</subfield>
    <subfield code="x">Study and teaching</subfield>
    <subfield code="z">Washington (State)</subfield>
    <subfield code="z">Seattle.</subfield>
    <subfield code="9">8185</subfield>
  </datafield>
  <datafield tag="650" ind1=" " ind2="0">
    <subfield code="a">Furniture design</subfield>
    <subfield code="x">Study and teaching</subfield>
    <subfield code="z">Washington (State)</subfield>
    <subfield code="z">Seattle.</subfield>
    <subfield code="9">8186</subfield>
  </datafield>
  <datafield tag="906" ind1=" " ind2=" ">
    <subfield code="a">7</subfield>
    <subfield code="b">cbc</subfield>
    <subfield code="c">orignew</subfield>
    <subfield code="d">1</subfield>
    <subfield code="e">ecip</subfield>
    <subfield code="f">20</subfield>
    <subfield code="g">y-gencatlg</subfield>
  </datafield>
  <datafield tag="942" ind1=" " ind2=" ">
    <subfield code="2">ddc</subfield>
    <subfield code="c">BK</subfield>
  </datafield>
  <datafield tag="999" ind1=" " ind2=" ">
    <subfield code="c">354102</subfield>
    <subfield code="d">354102</subfield>
  </datafield>
  <datafield tag="952" ind1=" " ind2=" ">
    <subfield code="0">0</subfield>
    <subfield code="1">0</subfield>
    <subfield code="2">ddc</subfield>
    <subfield code="4">0</subfield>
    <subfield code="7">0</subfield>
    <subfield code="a">SADA</subfield>
    <subfield code="b">SADA</subfield>
    <subfield code="d">2015-08-06</subfield>
    <subfield code="l">4</subfield>
    <subfield code="o">684.107 OCH 2012</subfield>
    <subfield code="p">SADA0002496</subfield>
    <subfield code="r">2025-03-07</subfield>
    <subfield code="s">2025-02-17</subfield>
    <subfield code="t">01</subfield>
    <subfield code="v">4414.09</subfield>
    <subfield code="w">2015-08-13</subfield>
    <subfield code="y">BK</subfield>
  </datafield>
</record>
